Arctic Monkeys Lyrics - You're So Dark - Statistics

General Stats
  • This quiz has been taken 77 times
  • The average score is 173 of 207
Answer Stats
Lyrics % Correct
dark,
100%
dark
100%
so
100%
You
100%
you
100%
your
100%
Your
100%
you're
100%
You're
100%
-A
98%
all
98%
I
96%
love
96%
got
93%
Got
93%
want
93%
Allan
89%
Allen
89%
And
89%
'Cause
89%
Edgar
89%
H.P.
89%
on
89%
Poe
89%
Lovecraft
87%
of
87%
baby
84%
baby,
84%
hard
84%
babe
82%
not
82%
But
80%
But,
80%
know
80%
that
80%
the
80%
crows
78%
I'm
78%
she's
78%
to
78%
Catty
76%
like
76%
murder
76%
down
73%
eyelashes
73%
fours
73%
ravens
73%
sunshine
73%
mine
71%
us
71%
walking
71%
don't
69%
apart
67%
daylight
67%
tear
67%
type
67%
was
67%
nothing
64%
saw
64%
start
64%
driving
62%
Prius
62%
willing
62%
even
60%
listen
60%
obsession
60%
cape
58%
death
58%
horror
58%
Italian
58%
mysterious
58%
with
58%
At
56%
Dracula
56%
shun
56%
watch
56%
gates
53%
oh
53%
would
53%
Been
51%
-esque
51%
unkind
51%
scores
49%
triple
49%
flashing
47%
Leather
47%
passes
47%
spike
47%
cemetery
44%
Munster
42%
Koach
31%
collared
29%
-cladded,
22%
No matching quizzes found
Score Distribution
Percent of People with Each Score
Percentile by Number Answered
Your Score History
You have not taken this quiz